Music Quiz

Random Music or Clickable Quiz
Score 0/24 Timer 05:00
4 Plays Today
% Correct
The Game (Queen)
95.5%
Goodbye Yellow Brick Road (Elton John)
93.7%
Good Girl Gone Bad (Rihanna)
89.4%
Hands All Over (Maroon 5)
89.2%
Hysteria (Def Leppard)
86.2%
Get Rich or Die Tryin' (50 Cent)
84.2%
Graceland (Paul Simon)
84.2%
G I R L (Pharrell Williams)
84.1%
Glass Houses (Billy Joel)
80.9%
Hot Fuss (The Killers)
80.5%
Hotel California (Eagles)
78.2%
Gorillaz (Gorillaz)
76.3%
% Correct
Hot Shot (Shaggy)
74.4%
Hi Infidelity (REO Speedwagon)
73.2%
Heart (Heart)
72.7%
Garbage (Garbage)
71%
The Heist (Macklemore & Ryan Lewis)
69.8%
Hybrid Theory (Linkin Park)
67.9%
Homework (Daft Punk)
66.7%
Ghost Stories (Coldplay)
66.4%
Human Clay (Creed)
65.5%
Graduation (Kanye West)
59.8%
Good News for People Who Love Bad News (Modest Mouse)
55.9%
Heavier Things (John Mayer)
54.9%

You're not logged in!

Compare scores with friends on all Sporcle quizzes.
OR
Log In

Sporcle TV

Today on Sporcle TV


Watch our educational content, quiz creation guides, and fun videos on Sporcle TV.

Show Comments

Extras

Top Quizzes Today


Score Distribution

Paid Content

Your Account Isn't Verified!

In order to create a playlist on Sporcle, you need to verify the email address you used during registration. Go to your Sporcle Settings to finish the process.

Report this User

Report this user for behavior that violates our Community Guidelines.

Details: